000 005370000a22001810004500
003 MACL
005 20160202142019.0
008 160202b xxu||||| |||| 00| 0 eng d
040 _aMACL
_cMACL
041 _aHindi
082 _a350
100 _aजैन संजय
_936459
245 _aलोक प्रशासन एक अवलोकन
260 _bअयणोदय प्रकाशन
_c2011
_aभोपाल
350 _a180
650 _aलाेक प्रकाशान
_936460
942 _cHIN
_k350
_2ddc
999 _c45552
_d45552